Statistiques concernant Préfectures et sous-préfectures commençant par la lettre F

Cliquez ici pour prendre le quiz!

Statistiques générales

  • Ce quiz a été pris 29 fois
  • Le résultat moyen est 5 sur 10

Statistiques - réponses

Réponses% Correct
Foix
77%
Fort-de-France
69%
Fougères
54%
Fontainebleau
46%
Forbach
46%
Figeac
42%
Florac
42%
La {Flèche}
42%
Fontenay-le-Comte
27%
Forcalquier
27%

Distribution des résultats

Percentile par nombre de réponses

% des personnes avec chaque résultat

Votre développement - résultats

Vous n’avez pas pris ce quiz